एड्सः क्या मिलेगा छुटकारा / (Record no. 67115)

MARC details
000 -LEADER
fixed length control field 00840 aa a2200217 4500
005 - DATE AND TIME OF LATEST TRANSACTION
control field 20120524124348.0
010 ## - LCCN (DPL NO)
LC control number
020 ## - INTERNATIONAL STANDARD BOOK NUMBER
Terms of availability 200.00
International Standard Book Number
035 ## - SYSTEM CONTROL NUMBER
System control number B-241816
037 ## - SOURCE OF ACQUISITION
Source of stock number/acquisition pub
082 ## - DEWEY DECIMAL CLASSIFICATION NUMBER
Classification number 614.5993
100 ## - MAIN ENTRY--PERSONAL NAME
Personal name सिंघल, विनीता
245 ## - TITLE STATEMENT
Title एड्सः क्या मिलेगा छुटकारा /
Statement of responsibility, etc विनीता सिंघल
246 ## - VARYING FORM OF TITLE
Title proper/short title
Remainder of title
260 ## - PUBLICATION, DISTRIBUTION, ETC. (IMPRINT)
Place of publication, distribution, etc दिल्ली
Name of publisher, distributor, etc हिमाचल बुक सैंटर
Date of publication, distribution, etc 2006
270 ## - ADDRESS
Address
City
Postal code
300 ## - PHYSICAL DESCRIPTION
Extent 176पृ
Dimensions 22 सेमी (सजिल्द)
490 ## - SERIES STATEMENT
Series statement
-- 47835
942 ## - ADDED ENTRY ELEMENTS (KOHA)
Institution code [OBSOLETE] dpl
Item type Hindi Books
Call number prefix
Source of classification or shelving scheme Dewey Decimal Classification
Classification part 614.5993
Call number suffix सिंघल
Holdings
Withdrawn status Lost status Not for loan Collection code Home library Current library Date acquired Cost, normal purchase price Full call number Barcode Cost, replacement price Koha item type
      Non-fiction Sarojini Nagar Sarojini Nagar 24/05/2012 200.00 614.5993 सिंघल B-241816 200.00 Hindi Books

© Delhi Public Library
Hit Counter
free hit counter